000 00745nam a2200229Ia 4500
003 GCL
008 140319s9999 xx 000 0 ara d
040 _aGCL /
_cGCL
082 0 4 _a336.3435
_bر ا
100 1 _aرمزى زكى
245 1 0 _aازمة القروض الدولية: الاسباب والحلول المطروحة مع مشروع صياغة لرؤية عربية /
_cرمزى زكى
260 _a[S.N] :
_bدار المستقبل العربى ،
_c1987
300 _a315 ص
490 _a
650 0 4 _aالاقتصاد الدولى
650 0 4 _aالاحوال الاقتصادية
650 0 4 _aالعالم
650 0 4 _aالقروض
650 0 4 _aالديون
650 0 4 _aالراسمالية
942 _2ddc
_cBK
999 _c34763
_d34763